| 000 | 00664nam a2200145Ia 4500 | ||
|---|---|---|---|
| 008 | 170221s9999 xx 000 0 und d | ||
| 100 | _aAnna I. Skorobogatova | ||
| 245 | _aPedagogical Managerial Mechanisms of the Labor Market Needs in a New Generation of Specialists | ||
| 245 | _cAnna I. Skorobogatova, Rimma R. Khanmurzina, Larisa I. Tararina, Alsu L. Mirzagitova, Maksim V. Yakushevskiy, Ekaterina I. Sokolova, Aigul L. Faizrakhmanova, Rezeda R. Gainullina | ||
| 260 | _bInternational Review of Management and Marketing | ||
| 260 | _c2016 | ||
| 300 | _a6 : 2S | ||
| 650 | _xMarketing. | ||
| 856 | _uhttp://www.econjournals.com/index.php/irmm/issue/view/71 | ||
| 999 |
_c308398 _d308398 |
||